Sustainability of the ELV processing system in the Slovak Republic and estimation of waste streams from the operation of passenger motor vehicles
Salvato in:
| Autore principale: | |
|---|---|
| Altri autori: | , |
| Natura: | Capitolo di libro |
| Lingua: | inglese |
| Soggetti: | |
| Tags: |
Nessun Tag, puoi essere il primo ad aggiungerne!!
|
MARC
| LEADER | 00000naa$a2200000$$$4500 | ||
|---|---|---|---|
| 001 | 0236447 | ||
| 005 | 20240502073826.9 | ||
| 041 | 0 | |a eng | |
| 044 | |a SK | ||
| 245 | 1 | 0 | |a Sustainability of the ELV processing system in the Slovak Republic and estimation of waste streams from the operation of passenger motor vehicles |c Pavol Ochotnický, Marek Káčer, Martin Alexy |
| 500 | |a Abstrakt | ||
| 610 | 2 | 0 | |a vozidlá motorové |
| 610 | 2 | 0 | |a životnosť výrobkov |
| 610 | 2 | 0 | |a odpad |
| 610 | 2 | 0 | |a prognózy krátkodobé |
| 610 | 2 | 0 | |a recyklácia odpadu |
| 610 | 2 | 0 | |a využitie odpadu |
| 610 | 2 | 0 | |a Slovensko |
| 100 | 1 | |a Ochotnický, Pavol | |
| 700 | 1 | |a Káčer, Marek, 1976- | |
| 700 | 1 | |a Alexy, Martin, 1976- | |